Modern production (and) operations management (7th ed.) (Record no. 77606)

MARC details
000 -LEADER
fixed length control field 00691nam a2200157 a 4500
008 - FIXED-LENGTH DATA ELEMENTS--GENERAL INFORMATION
fixed length control field 120416s1983 ||||||||||||||||| || u
050 ## - LIBRARY OF CONGRESS CALL NUMBER
Classification number TS 155 Buf
100 ## - MAIN ENTRY--PERSONAL NAME
Personal name Buffa, Elwood Spencer, 1923-
245 10 - TITLE STATEMENT
Title Modern production (and) operations management (7th ed.)
250 ## - EDITION STATEMENT
Edition statement 7th ed.
260 ## - PUBLICATION, DISTRIBUTION, ETC.
Place of publication, distribution, etc. New York
Name of publisher, distributor, etc. John Wiley and Sons
Date of publication, distribution, etc. 1983
300 ## - PHYSICAL DESCRIPTION
Extent xv, 681p. : ill.
350 ## -
-- 0.00
995 ## -
-- MAIN LIBRARY OPEN ACCESS
-- 0.00
-- 017564
-- CBU-MAIN LIBRARY (Kitwe)
-- 2
-- 0.00
-- TS 155 Buf
-- LOST
-- 017564
-- Main Library Open Access Collection
995 ## -
-- TEXTBOOKS (SB)
-- 0.00
-- 1106
-- CBU-SCHOOL TEXTBOOK COLLECTIONS
-- 1
-- 0.00
-- SCHOOL TEXTBOOK
-- 3
-- AVAILABLE
-- Sep 14, 2009
-- 1106
-- School Collections
999 ## -
-- 77606
-- 77606
Holdings
Withdrawn status Lost status Source of classification or shelving scheme Damaged status Not for loan Permanent Location Current Location Shelving location Date acquired Total Checkouts Full call number Barcode Date last seen Copy number Price effective from Koha item type
          CBU-MAIN LIBRARY, KITWE. CBU-MAIN LIBRARY, KITWE.   05/03/2023   TS 155 Buf 017564 05/03/2023 1 05/03/2023 MONOGRAPH
          CBU-SCHOOL TEXT BOOK COLLECTION CBU-SCHOOL TEXT BOOK COLLECTION   05/03/2023   SCHOOL TEXTBOOK 1106 05/03/2023 2 05/03/2023 MONOGRAPH